Using computers : the human factors of information systems

Αποθηκεύτηκε σε:
Λεπτομέρειες βιβλιογραφικής εγγραφής
Κύριος συγγραφέας: Nickerson, Raymond S.
Μορφή: Βιβλίο
Γλώσσα:English
Δημοσίευση: Cambridge, Mass. : MIT Press, c1986
Θέματα:
Ετικέτες: Προσθήκη ετικέτας
Δεν υπάρχουν, Καταχωρήστε ετικέτα πρώτοι!

MARC

LEADER 00000cam a2200000 i 4500
001 1/78707
008 980828s1986 eng d
020 |a 0-262-14040-3 
035 |l 10032994 
035 |a 1988  |b 3  |c Αφένδρας 
040 |a GR-MY-UA  |b gre  |e aacr 
041 0 |a eng 
082 0 |a 004.019  |2 (19) 
100 1 |a Nickerson, Raymond S. 
245 1 0 |a Using computers :  |b the human factors of information systems /  |c Raymond S. Nickerson 
260 |a Cambridge, Mass. :   |b MIT Press,   |c c1986 
300 |a xiv, 434 p.;  |b ill.;  |c 24 cm 
500 |a "A Bradford book." 
504 |a Βιβλιογραφία: σ. [361]-417 
504 |a Περιέχει ευρετήρια 
650 0 0 |a Computers. 
650 0 0 |a Electronic data processing. 
650 0 0 |a Human engineering. 
852 |a INST  |b RHODES  |e 19980828  |h 004.019 NIC  |p 005400003060  |q 005400003060  |t BK  |y 0 
909 |a Ρ  |b 011883  |c 1988